Statistics for Top 10 Countries that Participate in the Most Sports

Click here to take the quiz!

General Stats

  • This quiz has been taken 77 times
  • The average score is 9 of 10

Answer Stats

NS IndexAnswer% Correct
754United States of America
100%
613France
96%
522United Kingdom
96%
333Canada
90%
439Germany
88%
347Japan
88%
366Russia
88%
445Australia
85%
467Spain
85%
358Brazil
75%

Score Distribution

Percentile by Number Answered

Percent of People with Each Score

Your Score History

You have not taken this quiz